Normal view MARC view

Entry Topical Term

Number of records used in: 1

001 - CONTROL NUMBER

  • control field: 50764

003 - CONTROL NUMBER IDENTIFIER

  • control field: dpl

005 - DATE AND TIME OF LATEST TRANSACTION

  • control field: 20120806112254.0

008 - FIXED-LENGTH DATA ELEMENTS

  • fixed length control field: 120806|||a|||||| | ||| d

040 ## - CATALOGING SOURCE

  • Original cataloging agency: dpl
  • Transcribing agency: dpl

150 ## - HEADING--TOPICAL TERM

  • Topical term or geographic name as entry element: Panchayat
  • Geographic subdivision: India
  • Geographic subdivision: Samastīpur (District)

670 ## - SOURCE DATA FOUND

  • Source citation: Work cat.: (dpl): Thakur, Minni 50740, Women empowerment through Panchayati Raj institutions /, 2010

670 ## - SOURCE DATA FOUND

  • Source citation: Work cat.: (dpl): Thakur, Minni 50740, Women empowerment through Panchayati Raj institutions /, 2010

© Delhi Public Library
Hit Counter
free hit counter